| 000 | 00922nam a22001937a 4500 | ||
|---|---|---|---|
| 999 |
_c60138 _d60138 |
||
| 003 | Ge_BSU | ||
| 005 | 20230612153523.0 | ||
| 008 | 230612s1975 ge ||||| |||| 00| 0 geo d | ||
| 041 | _ageo | ||
| 080 | _a902.2(479.222.1) ნ-16 | ||
| 100 |
_aნადირაძე, ჯურხა _918635 |
||
| 245 |
_aყვირილის ხეობის არქეოლოგიური ძეგლები / _cჯურხა ნადირაძე; რედ. ო ჯაფარიძე. |
||
| 264 |
_aთბილისი : _bსაბჭ. საქართველო, _c1975. |
||
| 300 |
_a167 გვ. : _b30 ფ. ილ. ; _c22 სმ. |
||
| 520 | _a რეზუმე რუსულ ენაზე | ||
| 653 | _aარქეოლოგიური გათხრები იმერეთში | ||
| 700 |
_aჯაფარიძე, ო. _eრედაქტორი _917556 |
||
| 942 |
_2udc _cBK |
||